[Event "DFMM: NRW I-NRW II"]
[Site "Braunfels"]
[Date "2010.06.03"]
[Round "1.1"]
[White "Zhang, Fan"]
[Black "Dergatschova, Anna"]
[Result "1-0"]
[WhiteElo "2057"]
[BlackElo "2232"]
[PlyCount "83"]
[EventDate "2010.06.03"]
[WhiteTeam "NRW II"]
[BlackTeam "NRW I"]

1. d4 d5 2. Nf3 Nc6 3. Bf4 Bg4 4. e3 f6 5. h3 Bh5 6. Bb5 e6 7. c4 Bb4+ 8. Nbd2
Nge7 9. a3 Bxf3 10. gxf3 Bd6 11. cxd5 exd5 12. Bxd6 Qxd6 13. Qc2 O-O 14. Bd3 f5
15. f4 Nd8 16. Nf3 b6 17. b4 Ne6 18. b5 Rac8 19. O-O c5 20. bxc6 Rxc6 21. Qb2
Nxf4 22. exf4 Qxf4 23. Qe2 Rg6+ 24. Kh1 Qh6 25. Kh2 Re6 26. Qd2 Qh5 27. Ng1 Rh6
28. Rae1 Qh4 29. Qe3 Nc6 30. Ne2 f4 31. Qf3 Qd8 32. Rg1 Qd6 33. Bb5 Ne7 34. Rg4
Ng6 35. Rg5 Nh4 36. Qg4 g6 37. a4 Qf6 38. Rxd5 Kh8 39. Ng1 f3 40. Qg5 Qxg5 41.
Rxg5 Ng2 42. Re8 1-0

[Event "DFMM: NRW I-NRW II"]
[Site "Braunfels"]
[Date "2010.06.03"]
[Round "1.3"]
[White "Hund, Isabel"]
[Black "Vovk, Oksana"]
[Result "1/2-1/2"]
[WhiteElo "2072"]
[BlackElo "2123"]
[PlyCount "72"]
[EventDate "2010.06.03"]
[WhiteTeam "NRW II"]
[BlackTeam "NRW I"]

1. e4 e6 2. d3 d5 3. Nd2 Nf6 4. Ngf3 b6 5. c3 c5 6. exd5 Qxd5 7. d4 Nbd7 8. Bc4
Qh5 9. O-O Bd6 10. dxc5 bxc5 11. Bb5 O-O 12. Nc4 Bc7 13. Bxd7 Nxd7 14. g3 Bb7
15. Ng5 Qxd1 16. Rxd1 Rfd8 17. Nd6 Ne5 18. f4 Bxd6 19. fxe5 Bxe5 20. Be3 c4 21.
Kf2 a6 22. Nf3 Bf6 23. Bd4 Rd5 24. Bxf6 gxf6 25. Rxd5 Bxd5 26. Rd1 Rb8 27. Rd2
Be4 28. Ke3 Bb1 29. a3 f5 30. Ne5 Ba2 31. Nc6 Rb6 32. Ne5 Kg7 33. Nd7 Rb5 34.
Kd4 Rd5+ 35. Ke3 Rb5 36. Kd4 Rd5+ 1/2-1/2

[Event "DFMM: NRW I-NRW II"]
[Site "Braunfels"]
[Date "2010.06.03"]
[Round "1.4"]
[White "Freitag, Julia"]
[Black "Sokalska, Viktorija"]
[Result "0-1"]
[WhiteElo "2202"]
[BlackElo "2026"]
[PlyCount "78"]
[EventDate "2010.06.03"]
[WhiteTeam "NRW I"]
[BlackTeam "NRW II"]

1. d4 Nf6 2. e3 g6 3. f4 Bg7 4. Nf3 d5 5. Bd3 O-O 6. Nbd2 c5 7. c3 cxd4 8. exd4
Nc6 9. Ne5 Nxe5 10. fxe5 Ng4 11. h3 Ne3 12. Qf3 Nf5 13. g4 Nh6 14. Qg3 f6 15.
exf6 Rxf6 16. Nf3 Re6+ 17. Kd1 Nf7 18. h4 Nd6 19. h5 Ne4 20. Qh2 Rf6 21. Bxe4
dxe4 22. Ne5 Qf8 23. Ke1 gxh5 24. Qxh5 h6 25. g5 Rf5 26. Qg6 Rxe5 27. dxe5 Bf5
28. Qh5 Bxe5 29. Rg1 Rd8 30. gxh6+ Kh8 31. Be3 Qf6 32. Qg5 Bxc3+ 33. bxc3 Qxc3+
34. Kf2 Qc2+ 35. Kg3 Qc7+ 36. Bf4 Rd3+ 37. Kh2 Qc2+ 38. Rg2 Rh3+ 39. Kg1 Qc5+ {
ZÜ} 0-1

[Event "DFMM: NRW I-NRW II"]
[Site "Braunfels"]
[Date "2010.06.03"]
[Round "1.5"]
[White "Karmann, Anna"]
[Black "Nattermüller, Irina"]
[Result "1/2-1/2"]
[WhiteElo "1924"]
[BlackElo "2100"]
[PlyCount "100"]
[EventDate "2010.06.03"]
[WhiteTeam "NRW II"]
[BlackTeam "NRW I"]

1. c4 c5 2. Nf3 e6 3. d4 d5 4. e3 Nc6 5. cxd5 exd5 6. Nc3 Nf6 7. Be2 cxd4 8.
Nxd4 Bd6 9. O-O O-O 10. a3 a6 11. b4 Re8 12. Nxc6 bxc6 13. Bb2 Bc7 14. Bf3 Qd6
15. g3 Rb8 16. Rc1 Bf5 17. Ne2 Bb6 18. Bd4 Ne4 19. Bxb6 Rxb6 20. Qd4 Rb5 21.
Nc3 Rbb8 22. Nxe4 Bxe4 23. Bxe4 Rxe4 24. Qc5 Re6 25. Qa7 Rf8 26. Qxa6 Qc7 27.
Rfd1 Rh6 28. Qf1 Ra8 29. Rc3 Rg6 30. Rd4 h5 31. Qd3 Qe7 32. Qf5 Rg5 33. Qf4 Rg6
34. Qf5 Rg5 35. Qf3 Qe6 36. h4 Re5 37. Kg2 g6 38. Rf4 Ra7 39. Rf6 Qd7 40. Rfxc6
d4 41. exd4 Qxd4 42. Rd3 Qe4 43. Qxe4 Rxe4 44. Kf3 Re5 45. Rc5 Re1 46. Rb3 Ra1
47. Rcc3 Kf8 48. b5 Ke8 49. b6 Rb7 50. Ke4 Kd7 1/2-1/2

[Event "DFMM: NRW I-NRW II"]
[Site "Braunfels"]
[Date "2010.06.03"]
[Round "1.6"]
[White "Lopatin, Olga"]
[Black "Mass, Elvira"]
[Result "1/2-1/2"]
[WhiteElo "2136"]
[BlackElo "1981"]
[PlyCount "90"]
[EventDate "2010.06.03"]
[WhiteTeam "NRW I"]
[BlackTeam "NRW II"]

1. e4 e6 2. Qe2 c5 3. f4 Nc6 4. Nf3 Nf6 5. e5 Nd5 6. g3 Be7 7. Bg2 Ndb4 8. Na3
d5 9. exd6 Bxd6 10. O-O a6 11. c3 Nd5 12. Nc4 b5 13. Nxd6+ Qxd6 14. Ne5 Bb7 15.
a4 Nxe5 16. fxe5 Qb6 17. Qf2 O-O 18. b4 Qc7 19. bxc5 Qxe5 20. c6 Bxc6 21. Ba3
b4 22. cxb4 Bxa4 23. b5 Bxb5 24. Rfe1 Qg5 25. Bxf8 Rxf8 26. d4 Nb4 27. Re5 Qd8
28. Re4 Qb6 29. Bf1 Bc6 30. Rh4 a5 31. d5 Nxd5 32. Qxb6 Nxb6 33. Rxa5 Bd5 34.
Ra7 Nc8 35. Rc7 Nd6 36. Ra4 g6 37. Raa7 Ne4 38. Bg2 Nf6 39. Bxd5 Nxd5 40. Rcb7
Kg7 41. Kf2 h5 42. Kf3 Nf6 43. Re7 Kg8 44. h3 Nd5 45. Reb7 Nf6 1/2-1/2

[Event "DFMM: NRW I-NRW II"]
[Site "Braunfels"]
[Date "2010.06.03"]
[Round "1.7"]
[White "Lennartz, Christina"]
[Black "Leveikina, Jevgenija"]
[Result "0-1"]
[WhiteElo "1844"]
[BlackElo "2076"]
[PlyCount "75"]
[EventDate "2010.06.03"]
[WhiteTeam "NRW II"]
[BlackTeam "NRW I"]

1. d4 d5 2. g3 Nf6 3. Bg2 c6 4. Nd2 Bf5 5. Ngf3 e6 6. O-O Be7 7. c4 O-O 8. a3
a5 9. h3 h6 10. Ne5 Nbd7 11. Ndf3 a4 12. c5 Nxe5 13. Nxe5 Nd7 14. Nf3 b6 15.
cxb6 Qxb6 16. g4 Bg6 17. g5 hxg5 18. Bxg5 Bxg5 19. Nxg5 Qxb2 20. e4 Nf6 21. Qd3
Qb3 22. Qd2 dxe4 23. Rfc1 Qd5 24. f3 Ra5 25. Nxe4 Rd8 26. Kh1 Nxe4 27. fxe4
Bxe4 28. Rg1 Rb5 29. Qf4 Bxg2+ 30. Rxg2 Qxd4 31. Qf1 Qd3 32. Qf2 Rf5 33. Qh4
Qd4 34. Qe1 g6 35. Rc1 c5 36. Qe2 Qd3 37. Qg4 Rd4 38. Qe2 0-1

[Event "DFMM: NRW I-NRW II"]
[Site "Braunfels"]
[Date "2010.06.03"]
[Round "1.8"]
[White "Vogel, Heike"]
[Black "Roitburd, Swetlana"]
[Result "1-0"]
[WhiteElo "2095"]
[BlackElo "1634"]
[PlyCount "33"]
[EventDate "2010.06.03"]
[WhiteTeam "NRW I"]
[BlackTeam "NRW II"]

1. d4 d5 2. Nf3 Nf6 3. Bg5 e6 4. e3 Be7 5. Bd3 Nbd7 6. Nbd2 c5 7. c3 O-O 8. h4
h6 9. Ne5 cxd4 10. exd4 Bd6 11. f4 Qc7 12. Qf3 b6 13. Rh3 Rb8 14. Nxd7 Nxd7 15.
Bxh6 gxh6 16. Rg3+ Kh8 17. Qg4 1-0

[Event "DFMM: Berlin-Sachsen"]
[Site "Braunfels"]
[Date "2010.06.03"]
[Round "1.2"]
[White "Von Herman, Brigitte"]
[Black "Schulz, Petra"]
[Result "0-1"]
[WhiteElo "2108"]
[BlackElo "2085"]
[PlyCount "36"]
[EventDate "2010.06.03"]
[WhiteTeam "Berlin"]
[BlackTeam "Sachsen"]

1. e4 e6 2. d4 d5 3. Nc3 Bb4 4. e5 Qd7 5. Bd2 b6 6. f4 Ba6 7. Nce2 Bf8 8. c3 c5
9. Nf3 h5 10. g3 Nh6 11. Bh3 Qb5 12. b3 Qd3 13. Kf2 Ng4+ 14. Bxg4 hxg4 15. Nh4
Rxh4 16. gxh4 Qf3+ 17. Kg1 Bxe2 18. Qe1 Bd3 0-1

[Event "DFMM: Berlin-Sachsen"]
[Site "Braunfels"]
[Date "2010.06.03"]
[Round "1.3"]
[White "Gasch, Franziska"]
[Black "Silz, Elisa"]
[Result "1-0"]
[WhiteElo "1979"]
[BlackElo "1914"]
[PlyCount "115"]
[EventDate "2010.06.03"]
[WhiteTeam "Sachsen"]
[BlackTeam "Berlin"]

1. e4 c5 2. Nc3 e6 3. Bc4 d6 4. f4 a6 5. a4 Nc6 6. Nf3 Nf6 7. Ba2 Be7 8. O-O
O-O 9. d3 Qc7 10. Qe1 Nd4 11. Bb1 Rb8 12. Nxd4 cxd4 13. Ne2 e5 14. Ng3 h5 15.
fxe5 dxe5 16. h3 h4 17. Nf5 Bxf5 18. Rxf5 g6 19. Rf2 Nh5 20. Ba2 Kg7 21. Qe2
Qd7 22. Bb3 f5 23. exf5 Rxf5 24. Qg4 Ng3 25. Bd2 Rbf8 26. Re1 Qd6 27. Rf3 Qf6
28. Rxf5 Qxf5 29. Qxf5 Rxf5 30. Ba5 Bc5 31. Bc7 Bb4 32. Bxe5+ Kf8 33. Bxg3 hxg3
34. Rf1 Ke7 35. Rxf5 gxf5 36. Kf1 Kf6 37. Ke2 Kg5 38. Kf3 Bd6 39. a5 Bc7 40.
Bd5 b6 41. axb6 Bxb6 42. Kxg3 Bc7+ 43. Kf3 a5 44. Be6 Kf6 45. Bd7 Bd6 46. h4
Bf8 47. c3 Bc5 48. g4 fxg4+ 49. Kxg4 Ke7 50. Ba4 Kf6 51. Kf4 Bb6 52. Ke4 dxc3
53. bxc3 Ke6 54. d4 Bd8 55. h5 Bf6 56. c4 Kd6 57. c5+ Kc7 58. d5 1-0

[Event "DFMM: Berlin-Sachsen"]
[Site "Braunfels"]
[Date "2010.06.03"]
[Round "1.4"]
[White "Fischer, Anke"]
[Black "Dämering, Katrin"]
[Result "0-1"]
[WhiteElo "1845"]
[BlackElo "2050"]
[PlyCount "56"]
[EventDate "2010.06.03"]
[WhiteTeam "Berlin"]
[BlackTeam "Sachsen"]

1. e4 c5 2. c3 d6 3. d4 cxd4 4. cxd4 Nf6 5. Nc3 a6 6. Nf3 e6 7. Be2 Be7 8. O-O
O-O 9. h3 b5 10. e5 Ne8 11. Bf4 Bb7 12. a3 Nd7 13. d5 Nxe5 14. Bxe5 dxe5 15.
dxe6 Bd6 16. exf7+ Rxf7 17. Qb3 Qf6 18. Rad1 Kh8 19. Nd2 Qg6 20. f3 Bc8 21. g4
Bc5+ 22. Kg2 Be6 23. Nd5 Rd7 24. Ne4 Bd4 25. Nec3 Nf6 26. Bxb5 axb5 27. Qxb5
Nxd5 28. Nxd5 Rxd5 0-1

[Event "DFMM: Berlin-Sachsen"]
[Site "Braunfels"]
[Date "2010.06.03"]
[Round "1.5"]
[White "Kalies, Grit"]
[Black "Nekrasova, Kateryna"]
[Result "1-0"]
[WhiteElo "2016"]
[BlackElo "1799"]
[PlyCount "85"]
[EventDate "2010.06.03"]
[WhiteTeam "Sachsen"]
[BlackTeam "Berlin"]

1. e4 c6 2. d4 d5 3. e5 Bf5 4. Nf3 e6 5. Be2 Ne7 6. Nh4 h6 7. Nxf5 Nxf5 8. c3
Qb6 9. O-O Be7 10. Nd2 O-O 11. Nb3 Nd7 12. Bd3 c5 13. Qg4 c4 14. Bxf5 Nxe5 15.
dxe5 exf5 16. Qxf5 cxb3 17. Qd7 Rfe8 18. Qxd5 bxa2 19. Rxa2 Rad8 20. Qf3 Bc5
21. b4 Bf8 22. Be3 Qc7 23. Bf4 Qb6 24. Be3 Qc7 25. Rxa7 Qxc3 26. Rxb7 Re7 27.
b5 Qxe5 28. Rb1 Rd5 29. Rxe7 Bxe7 30. b6 Bd6 31. g3 Rb5 32. Rd1 f6 33. Bf4 Qf5
34. Rxd6 g5 35. Rd8+ Kg7 36. Qb7+ Kg6 37. Rg8+ Kh5 38. Qf7+ Kg4 39. h3+ Kf3 40.
Qh5+ Ke4 41. Qe2+ Kd4 42. Rd8+ Kc5 43. Qe3+ 1-0

[Event "DFMM: Berlin-Sachsen"]
[Site "Braunfels"]
[Date "2010.06.03"]
[Round "1.6"]
[White "Velina, Valeria"]
[Black "Just, Gabriele"]
[Result "0-1"]
[WhiteElo "1776"]
[BlackElo "1936"]
[PlyCount "86"]
[EventDate "2010.06.03"]
[WhiteTeam "Berlin"]
[BlackTeam "Sachsen"]

1. e4 e6 2. d4 d5 3. exd5 exd5 4. Bd3 Bd6 5. Ne2 Ne7 6. O-O Nbc6 7. c3 Bg4 8.
f3 Bh5 9. Bf4 Qd7 10. b4 Bg6 11. a4 O-O-O 12. a5 Rde8 13. Qc2 f6 14. Nd2 Bxd3
15. Qxd3 g5 16. Bxd6 Qxd6 17. Ng3 h5 18. Nf5 Qd7 19. Nxe7+ Rxe7 20. Rfe1 Rhe8
21. Rxe7 Qxe7 22. Kf2 Kb8 23. Nf1 a6 24. b5 axb5 25. Qxb5 Qe6 26. Rb1 Nd8 27.
Ng3 Qe3+ 28. Kf1 c6 29. Qb2 h4 30. Ne2 Qd3 31. Kf2 Rxe2+ 32. Qxe2 Qxb1 33. Qe7
Qa2+ 34. Kf1 Qc4+ 35. Kf2 Kc8 36. Qxf6 Qxc3 37. Qf5+ Kb8 38. Qxg5 Qxd4+ 39. Ke2
Qh8 40. Qf4+ Ka8 41. Qc7 Ne6 42. Qb6 Qc3 43. a6 Qc4+ 0-1

[Event "DFMM: Berlin-Sachsen"]
[Site "Braunfels"]
[Date "2010.06.03"]
[Round "1.7"]
[White "Just, Anita"]
[Black "Schön, Heike"]
[Result "0-1"]
[WhiteElo "1984"]
[BlackElo "1696"]
[PlyCount "138"]
[EventDate "2010.06.03"]
[WhiteTeam "Sachsen"]
[BlackTeam "Berlin"]

1. e4 c6 2. d4 d5 3. e5 Bf5 4. Nf3 e6 5. Be2 c5 6. c3 cxd4 7. cxd4 Qa5+ 8. Nc3
Nc6 9. O-O Nge7 10. Be3 Nb4 11. a3 Nc2 12. Rc1 Nxe3 13. fxe3 Nc6 14. Qe1 Be7
15. Qg3 O-O 16. Nh4 Bxh4 17. Qxh4 Qd8 18. Qg3 Na5 19. Nb5 Nb3 20. Rcd1 Bc2 21.
Rde1 Nd2 22. Rf4 Ne4 23. Qh3 a6 24. Rc1 Rc8 25. Nc3 Nxc3 26. Rxc2 Nxe2+ 27.
Rxe2 Rc1+ 28. Rf1 Qc7 29. Qf3 Rxf1+ 30. Qxf1 Qc4 31. Rf2 Qxf1+ 32. Kxf1 Rc8 33.
Rd2 Rc1+ 34. Ke2 f6 35. exf6 gxf6 36. Kd3 Kf7 37. Rf2 Rd1+ 38. Kc2 Re1 39. Kd2
Rb1 40. Kd3 Rd1+ 41. Ke2 Rb1 42. Kf3 e5 43. dxe5 fxe5 44. Kg4+ Ke6 45. Re2 e4
46. Kg5 Ke5 47. h4 d4 48. exd4+ Kxd4 49. Rd2+ Ke3 50. Rd7 Kf2 51. g4 Rxb2 52.
Rf7+ Ke2 53. Rxh7 e3 54. h5 Kf1 55. Re7 e2 56. h6 e1=Q 57. Rxe1+ Kxe1 58. h7
Rh2 59. Kg6 Kf2 60. g5 Kg3 61. Kg7 Kg4 62. g6 Kg5 63. Kf7 Rf2+ 64. Ke7 Rh2 65.
Kf7 b5 66. g7 Rxh7 67. Kf8 Rxg7 68. Kxg7 a5 69. Kf7 b4 0-1

[Event "DFMM: Berlin-Sachsen"]
[Site "Braunfels"]
[Date "2010.06.03"]
[Round "1.8"]
[White "Strate, Gerda"]
[Black "Neumeyer, Hannelore"]
[Result "0-1"]
[WhiteElo "1696"]
[BlackElo "2055"]
[PlyCount "98"]
[EventDate "2010.06.03"]
[WhiteTeam "Berlin"]
[BlackTeam "Sachsen"]

1. e4 c6 2. d4 d5 3. e5 Bf5 4. Nf3 e6 5. Be2 Be7 6. O-O g5 7. Nfd2 Nd7 8. c4
Qb6 9. Nb3 dxc4 10. Bxc4 O-O-O 11. Qe2 h5 12. Be3 Qc7 13. Rc1 Nb6 14. Nc3 Kb8
15. Nb5 Qd7 16. Nc3 Nh6 17. Nc5 Bxc5 18. dxc5 Nxc4 19. Qxc4 Qe7 20. Ne4 Bxe4
21. Qxe4 Nf5 22. b4 Rd5 23. a4 Rhd8 24. b5 Nxe3 25. Qxe3 f6 26. bxc6 Rd3 27.
Qe2 bxc6 28. Rab1+ Ka8 29. g3 f5 30. Qxh5 g4 31. Qh6 Qd7 32. Qf4 Qd4 33. Qh6
Rd2 34. Rf1 Qxe5 35. Qh7 R2d7 36. Qh6 Rh8 37. Qe3 Qxe3 38. fxe3 Rd2 39. Rf2
Rxf2 40. Kxf2 Rxh2+ 41. Kg1 Rc2 42. Rd1 Rxc5 43. Rd6 Re5 44. Kf2 Kb7 45. Ke2
Re4 46. Rd4 Rxd4 47. exd4 Kc7 48. Kd3 Kd6 49. Kc4 f4 0-1

[Event "DFMM: Thüringen-Baden"]
[Site "Braunfels"]
[Date "2010.06.03"]
[Round "1.1"]
[White "Zilberman, Polina"]
[Black "Hannes, Diana"]
[Result "1-0"]
[WhiteElo "2169"]
[BlackElo "2124"]
[PlyCount "57"]
[EventDate "2010.06.03"]
[WhiteTeam "Baden"]
[BlackTeam "Thüringen"]

1. e4 c5 2. Nc3 e6 3. f4 a6 4. Nf3 Nc6 5. a4 g6 6. Bc4 Bg7 7. f5 Nge7 8. fxe6
fxe6 9. d3 Nd4 10. O-O O-O 11. Bg5 h6 12. Bh4 g5 13. Bg3 d6 14. Qd2 Nec6 15.
Nxd4 Nxd4 16. Rxf8+ Qxf8 17. Rf1 Qe7 18. Nd1 b5 19. Ba2 bxa4 20. Ne3 Bb7 21.
Bc4 Nc6 22. Nf5 Bd4+ 23. Kh1 Qf6 24. Bxd6 Kh8 25. Ng3 Qg6 26. c3 Be5 27. Bxc5
Rd8 28. Qf2 Na5 29. Bb6 1-0

[Event "DFMM: Thüringen-Baden"]
[Site "Braunfels"]
[Date "2010.06.03"]
[Round "1.2"]
[White "Müller-Ludwig, Kristin"]
[Black "Frey, Alisa"]
[Result "1-0"]
[WhiteElo "2151"]
[BlackElo "2049"]
[PlyCount "79"]
[EventDate "2010.06.03"]
[WhiteTeam "Thüringen"]
[BlackTeam "Baden"]

1. e4 c5 2. Nf3 d6 3. d4 cxd4 4. Nxd4 Nf6 5. Nc3 a6 6. Be3 e5 7. Nf3 Be7 8. Bc4
O-O 9. O-O b5 10. Bb3 Nbd7 11. a4 b4 12. Nd5 Bb7 13. Qd3 Rc8 14. Rac1 Nc5 15.
Bxc5 Rxc5 16. Nxe7+ Qxe7 17. Rfe1 Kh8 18. Rcd1 Ne8 19. Nd2 f5 20. exf5 Qg5 21.
Ne4 Qxf5 22. Rd2 Rc8 23. Bd5 Bxd5 24. Qxd5 Nf6 25. Nxd6 Nxd5 26. Nxf5 Nb6 27.
Nd6 Rc7 28. b3 Re7 29. Rxe5 Rxe5 30. Nf7+ Kg8 31. Nxe5 Re8 32. Nf3 a5 33. Kf1
h6 34. Rd6 Nc8 35. Rd5 Ne7 36. Rxa5 Rc8 37. Ne1 Kf7 38. Rb5 Rd8 39. Rxb4 Nd5
40. Rb7+ 1-0

[Event "DFMM: Thüringen-Baden"]
[Site "Braunfels"]
[Date "2010.06.03"]
[Round "1.3"]
[White "Vidonyak, Nellya"]
[Black "Skibbe, Diana"]
[Result "0-1"]
[WhiteElo "2175"]
[BlackElo "2083"]
[PlyCount "76"]
[EventDate "2010.06.03"]
[WhiteTeam "Baden"]
[BlackTeam "Thüringen"]

1. d4 Nf6 2. Nf3 e6 3. e3 b6 4. Nbd2 Bb7 5. Bd3 d5 6. O-O Bd6 7. Qe2 O-O 8. e4
dxe4 9. Nxe4 Nxe4 10. Bxe4 Bxe4 11. Qxe4 Nd7 12. Bg5 Be7 13. Bf4 Nf6 14. Qe2 c5
15. Rad1 Nd5 16. Bg3 cxd4 17. Nxd4 Qc8 18. Nf5 Bf6 19. c4 exf5 20. Rxd5 Re8 21.
Qc2 Re4 22. b3 Qe6 23. Rd6 Re2 24. Qd1 Qe4 25. f3 Qe8 26. a4 Bc3 27. Bf2 g6 28.
Rd5 Bb4 29. Qc1 Qe7 30. Bd4 Bd2 31. Qa1 Qg5 32. Bf2 Rae8 33. h4 Qe7 34. h5 Qg5
35. hxg6 hxg6 36. Qd1 Rxf2 37. Kxf2 Qh4+ 38. Kg1 Be3+ 0-1

[Event "DFMM: Thüringen-Baden"]
[Site "Braunfels"]
[Date "2010.06.03"]
[Round "1.4"]
[White "Lange, Corinna"]
[Black "Rubina, Tatiana"]
[Result "0-1"]
[WhiteElo "2033"]
[BlackElo "1980"]
[PlyCount "84"]
[EventDate "2010.06.03"]
[WhiteTeam "Thüringen"]
[BlackTeam "Baden"]

1. e4 e6 2. Nf3 d5 3. e5 c5 4. b4 cxb4 5. d4 Bd7 6. a3 Qb6 7. axb4 Bxb4+ 8. c3
Be7 9. Bd3 Nc6 10. O-O Rc8 11. Ba3 Nh6 12. h3 Na5 13. Bxe7 Kxe7 14. Qc1 Kd8 15.
Qg5+ Kc7 16. Qxg7 Nf5 17. Bxf5 exf5 18. Qxf7 Nc4 19. Na3 Rcf8 20. Qxd5 Be6 21.
Nxc4 Bxd5 22. Nxb6 axb6 23. Nd2 Rhg8 24. g3 b5 25. Rac1 f4 26. Kh2 fxg3+ 27.
fxg3 Rxf1 28. Rxf1 Ra8 29. Rf2 Ra1 30. g4 Rc1 31. Nf3 Rxc3 32. Ng5 h6 33. Nf7
b4 34. Nd6 Rc1 35. Ne8+ Kd8 36. Nf6 Bc4 37. Kg3 b3 38. Ne4 Rc2 39. Nd2 b2 40.
Nb1 Rxf2 41. Kxf2 Bd3 42. Nc3 b5 0-1

[Event "DFMM: Thüringen-Baden"]
[Site "Braunfels"]
[Date "2010.06.03"]
[Round "1.5"]
[White "Schneider, Birgit"]
[Black "Kube, Hannelore"]
[Result "1-0"]
[WhiteElo "2025"]
[BlackElo "2001"]
[PlyCount "99"]
[EventDate "2010.06.03"]
[WhiteTeam "Baden"]
[BlackTeam "Thüringen"]

1. e4 e5 2. Nf3 Nc6 3. Bb5 a6 4. Ba4 Nf6 5. O-O d6 6. Re1 Be7 7. c3 O-O 8. h3
b5 9. Bb3 Na5 10. Bc2 c5 11. d4 cxd4 12. cxd4 Qc7 13. Nbd2 Bd7 14. Nf1 Rfc8 15.
Re2 Rab8 16. Ng3 b4 17. Nf5 Bb5 18. Bd3 Bf8 19. Bg5 Nh5 20. Bxb5 Rxb5 21. Rc1
Qb7 22. Rxc8 Qxc8 23. dxe5 dxe5 24. Rd2 f6 25. Rd8 Qe6 26. Be3 Nb7 27. Ra8 Nf4
28. Bxf4 exf4 29. N5d4 Qxe4 30. Nxb5 Nc5 31. Rd8 axb5 32. b3 g5 33. Qd5+ Qxd5
34. Rxd5 Ne4 35. Nd4 Nc3 36. Rd8 Kf7 37. Rb8 Nxa2 38. Rxb5 Nc1 39. Kf1 Na2 40.
Rb7+ Kg6 41. Ne2 h5 42. Ra7 Nc3 43. Nxc3 bxc3 44. Ke2 Bd6 45. Rb7 h4 46. f3 Be5
47. Kd3 f5 48. Rb6+ Bf6 49. b4 g4 50. b5 1-0

[Event "DFMM: Thüringen-Baden"]
[Site "Braunfels"]
[Date "2010.06.03"]
[Round "1.6"]
[White "v.d. Weth - v. Nordheim, Petra"]
[Black "Kohm, Vanessa"]
[Result "1-0"]
[WhiteElo "1798"]
[BlackElo "1768"]
[PlyCount "73"]
[EventDate "2010.06.03"]
[WhiteTeam "Thüringen"]
[BlackTeam "Baden"]

1. d4 d5 2. e3 Nf6 3. Bd3 e6 4. Nd2 c5 5. c3 Nc6 6. f4 Bd7 7. Ngf3 Rb8 8. O-O
cxd4 9. exd4 Be7 10. Ne5 O-O 11. Rf3 b5 12. Rh3 g6 13. g4 Ne8 14. Ndf3 f5 15.
g5 Bd6 16. Qe2 Nc7 17. Bd2 b4 18. c4 Bxe5 19. Nxe5 Nxd4 20. Qf2 Nc6 21. Qh4 Qe7
22. Nxg6 Qg7 23. Nxf8 Rxf8 24. cxd5 Nxd5 25. Qh6 Nce7 26. Qxg7+ Kxg7 27. Bc4
Rb8 28. Re1 Rb6 29. Be3 Nxe3 30. Rhxe3 Kf7 31. Kf2 Ng6 32. Kg3 Bc8 33. h4 Rc6
34. Bb3 a5 35. h5 Nf8 36. Re5 Ra6 37. Rxf5+ 1-0

[Event "DFMM: Thüringen-Baden"]
[Site "Braunfels"]
[Date "2010.06.03"]
[Round "1.7"]
[White "Dittrich, Jacqueline"]
[Black "Grohmann, Katrin"]
[Result "0-1"]
[WhiteElo "1731"]
[BlackElo "1898"]
[PlyCount "60"]
[EventDate "2010.06.03"]
[WhiteTeam "Baden"]
[BlackTeam "Thüringen"]

1. Nc3 e6 2. e4 c5 3. g3 g6 4. Bg2 Bg7 5. Nce2 Ne7 6. f4 O-O 7. c3 d5 8. d3
Nbc6 9. Qc2 b6 10. Nf3 Bb7 11. e5 d4 12. h4 h5 13. Ng5 Nf5 14. g4 hxg4 15. h5
gxh5 16. Be4 Qd7 17. Rxh5 Nce7 18. Nh7 Rfd8 19. Bxf5 exf5 20. Nf6+ Bxf6 21.
exf6 Ng6 22. Ng3 Qe6+ 23. Kf1 Qxf6 24. c4 Bc8 25. Qh2 Re8 26. Rh6 Qc6 27. Qf2
Kg7 28. Ne4 Kxh6 29. Ng5 Qh1+ 30. Qg1 Re1+ 0-1

[Event "DFMM: Thüringen-Baden"]
[Site "Braunfels"]
[Date "2010.06.03"]
[Round "1.8"]
[White "Kinzel, Tiffany"]
[Black "Braun, Viktoria"]
[Result "1/2-1/2"]
[WhiteElo "1570"]
[BlackElo "1588"]
[PlyCount "106"]
[EventDate "2010.06.03"]
[WhiteTeam "Thüringen"]
[BlackTeam "Baden"]

1. Nc3 e5 2. Nf3 Nc6 3. d4 d6 4. e4 Nf6 5. Bg5 Be7 6. d5 Nb8 7. Qd2 h6 8. Bh4
Nxe4 9. Nxe4 Bxh4 10. Bb5+ Nd7 11. Bxd7+ Bxd7 12. Qb4 Rb8 13. Nxh4 a5 14. Nxd6+
cxd6 15. Qxd6 f6 16. O-O Bb5 17. Qe6+ Qe7 18. Qxe7+ Kxe7 19. Ng6+ Kd7 20. Nxh8
Bxf1 21. Kxf1 Rxh8 22. c4 Rc8 23. Rc1 Kd6 24. Ke2 b5 25. b3 Rb8 26. Rc2 bxc4
27. bxc4 Kc5 28. Kd3 a4 29. f3 g6 30. Ke4 Rb1 31. Kd3 Rd1+ 32. Kc3 Rd4 33. Kb2
Rd3 34. Kc1 Rd4 35. g4 Rf4 36. Rc3 e4 37. fxe4 Rxe4 38. h3 Rf4 39. Kd1 Rf2 40.
Rc2 Rf3 41. Rd2 Re3 42. d6 Re8 43. d7 Rd8 44. Kc2 Kc6 45. Kc3 Rxd7 46. Rxd7
Kxd7 47. Kd4 Kd6 48. h4 a3 49. c5+ Kc6 50. h5 gxh5 51. gxh5 f5 52. Ke5 Kxc5 53.
Kxf5 Kc4 1/2-1/2

[Event "DFMM: Schleswig-Holstein-Bayern"]
[Site "Braunfels"]
[Date "2010.06.03"]
[Round "1.1"]
[White "Jussupow, Nadia"]
[Black "Leib, Britta"]
[Result "1-0"]
[WhiteElo "2148"]
[BlackElo "1985"]
[PlyCount "63"]
[EventDate "2010.06.03"]
[WhiteTeam "Bayern"]
[BlackTeam "Schleswig-Holstein"]

1. d4 Nf6 2. Nf3 g6 3. c4 Bg7 4. Nc3 d6 5. Bg5 O-O 6. e3 Nbd7 7. Be2 c6 8. O-O
Qc7 9. Qc2 e5 10. dxe5 dxe5 11. Nd2 Re8 12. Rad1 Nc5 13. b4 Ne6 14. Bxf6 Bxf6
15. c5 b5 16. Nde4 Bg7 17. Bf3 Re7 18. Nd6 Bd7 19. Ndxb5 Qb7 20. a3 Ng5 21. Nd6
Nxf3+ 22. gxf3 Qc7 23. Rd2 a5 24. Rfd1 axb4 25. axb4 h6 26. b5 cxb5 27. Nd5 Qd8
28. Nb7 Bf5 29. Nxd8 Bxc2 30. Nxe7+ Kf8 31. Rxc2 Kxe7 32. Nb7 1-0

[Event "DFMM: Schleswig-Holstein-Bayern"]
[Site "Braunfels"]
[Date "2010.06.03"]
[Round "1.2"]
[White "Marx, Inga"]
[Black "Ankerst, Milka"]
[Result "0-1"]
[WhiteElo "1756"]
[BlackElo "2134"]
[PlyCount "110"]
[EventDate "2010.06.03"]
[WhiteTeam "Schleswig-Holstein"]
[BlackTeam "Bayern"]

1. e4 c5 2. Nf3 Nc6 3. d4 cxd4 4. Nxd4 g6 5. g3 Bg7 6. Be3 Nf6 7. Bg2 O-O 8.
O-O d6 9. h3 Bd7 10. c4 Qc8 11. Nxc6 bxc6 12. Kh2 Qa6 13. Nd2 Be6 14. Qc2 Rab8
15. Bd4 Qa5 16. Qd1 Qa6 17. Qc2 Ng4+ 18. hxg4 Bxd4 19. Nb3 Bf6 20. Rfc1 Bxg4
21. Bf1 c5 22. Qd2 Be6 23. f3 Rb4 24. Qc2 Rfb8 25. Bd3 Qc8 26. Qe2 a5 27. Rab1
a4 28. Nd2 Rxb2 29. Rxb2 Rxb2 30. Rc2 Qb8 31. Qd1 Qb4 32. Rxb2 Qxb2 33. Qc2 Qd4
34. Kg2 h5 35. Nf1 Qb2 36. Nd2 Qxc2 37. Bxc2 Bc3 38. Nb1 Bb4 39. a3 Ba5 40. Bd3
f5 41. Kf2 Kg7 42. Ke3 Kf6 43. Be2 g5 44. Kd3 Ke5 45. Ke3 fxe4 46. fxe4 Bf7 47.
Bf1 Bg6 48. Bg2 h4 49. gxh4 gxh4 50. Bf3 h3 51. Bh1 Bh5 52. Kf2 Kf4 53. Kf1 Bf3
54. Bxf3 Kxf3 55. Kg1 Kxe4 0-1

[Event "DFMM: Schleswig-Holstein-Bayern"]
[Site "Braunfels"]
[Date "2010.06.03"]
[Round "1.3"]
[White "Stangl, Anita"]
[Black "Freter, Anke"]
[Result "0-1"]
[WhiteElo "2146"]
[BlackElo "1951"]
[PlyCount "48"]
[EventDate "2010.06.03"]
[WhiteTeam "Bayern"]
[BlackTeam "Schleswig-Holstein"]

1. e4 c5 2. Nf3 Nc6 3. d4 cxd4 4. Nxd4 Nf6 5. Nc3 e5 6. Nf5 d5 7. exd5 Bxf5 8.
dxc6 bxc6 9. Qf3 Qd7 10. Bg5 e4 11. Qe2 Be7 12. Rd1 Qe6 13. Qa6 O-O 14. Bc4 Qe5
15. Qxc6 e3 16. fxe3 Rac8 17. Qb5 Rc5 18. Qb3 Bxc2 19. Qxc2 Qxg5 20. Qe2 Qh4+
21. g3 Qxc4 22. Rd4 Qxe2+ 23. Kxe2 Rb8 24. Rd2 Re5 0-1

[Event "DFMM: Schleswig-Holstein-Bayern"]
[Site "Braunfels"]
[Date "2010.06.03"]
[Round "1.4"]
[White "Hielscher, Ursula"]
[Black "Dirmeier, Carolin"]
[Result "0-1"]
[WhiteElo "1878"]
[BlackElo "2019"]
[PlyCount "52"]
[EventDate "2010.06.03"]
[WhiteTeam "Schleswig-Holstein"]
[BlackTeam "Bayern"]

1. d4 f5 2. e4 fxe4 3. Nc3 Nf6 4. Bg5 Nc6 5. Bxf6 exf6 6. d5 Ne5 7. Nxe4 f5 8.
Ng3 g6 9. Nf3 Bg7 10. c3 O-O 11. Nxe5 Bxe5 12. Bc4 d6 13. O-O f4 14. Ne4 f3 15.
g3 Bh3 16. Re1 Qd7 17. Ng5 Bg2 18. Rxe5 dxe5 19. d6+ Kh8 20. Qd5 Qxd6 21. Qxb7
Rad8 22. Bb3 Qd2 23. Ne6 Qxb2 24. Re1 Qxc3 25. Rb1 Rd2 26. Qe4 Re2 0-1